| 000 -CABECERA |
| Longitud fija campo de control |
00929aam a22002297a 4500 |
| 003 - IDENTIFICADOR DEL NÚMERO DE CONTROL |
| Identificador del número de control |
OSt |
| 005 - FECHA Y HORA DE LA ÚLTIMA TRANSACCIÓN |
| Fecha y hora de la última transacción |
20180410133703.0 |
| 008 - CÓDIGOS DE INFORMACIÓN DE LONGITUD FIJA |
| Códigos de información de longitud fija |
180410e201801 spc|||| ||||| 0|0 0dcat|d |
| 017 ## - NÚMERO DE COPYRIGHT O DE DEPÓSITO LEGAL |
| Número de copyright o de depósito legal |
DL B 29132-2017 |
| Agencia que asigna el número |
Biblioteca de Catalunya |
| 020 ## - NÚMERO INTERNACIONAL NORMALIZADO PARA LIBROS |
| Número Internacional Normalizado para Libros (ISBN) |
9788494698248 |
| 040 ## - FUENTE DE LA CATALOGACIÓN |
| Centro catalogador de origen |
ES-LlUDL |
| Lengua de catalogación |
cat |
| Centro transcriptor |
CDMR |
| 100 1# - PUNTO DE ACCESO PRINCIPAL-NOMBRE DE PERSONA |
| Nombre de persona |
Bennasar, Sebastià, |
| Fechas asociadas al nombre |
1976- |
| 245 10 - MENCIÓN DE TÍTULO |
| Título |
Manuel de Pedrolo, manual de supervivència |
| Resto del título |
: obra publicada en commemoració del Centenari del naixement de Manuel de Pedrolo (1918-2018) / |
| Mención de responsabilidad, etc. |
Sebastià Bennasar |
| 260 ## - PUBLICACIÓN, DISTRIBUCIÓN, ETC. (PIE DE IMPRENTA) |
| Lugar de publicación, distribución, etc. |
Barcelona : |
| Nombre del editor, distribuidor, etc. |
Meteora, |
| Fecha de publicación, distribución, etc. |
2018 |
| 300 ## - DESCRIPCIÓN FÍSICA |
| Extensión |
125 pàgines : |
| Otras características físicas |
il·lustracions ; |
| Dimensiones |
22 cm |
| 504 ## - NOTA DE BIBLIOGRAFÍA, ETC |
| Nota de bibliografía, etc. |
Bibliografia: pàgines 121-125 |
| 600 17 - PUNTO DE ACCESO ADICIONAL DE MATERIA - NOMBRE DE PERSONA |
| Nombre de persona |
Pedrolo, Manuel de |
| Fechas asociadas al nombre |
1918-1990 |
| Subdivisión de materia general (R ) |
Crítica i interpretació |
| Fuente de encabezamiento o te&ecute,rmino |
lemac |
| 9 (RLIN) |
2063 |
| 600 17 - PUNTO DE ACCESO ADICIONAL DE MATERIA - NOMBRE DE PERSONA |
| Nombre de persona |
Pedrolo, Manuel de |
| Fechas asociadas al nombre |
1918-1990 |
| Subdivisión de materia general (R ) |
Biografia |
| Fuente de encabezamiento o te&ecute,rmino |
lemac |
| 9 (RLIN) |
2063 |
| 600 17 - PUNTO DE ACCESO ADICIONAL DE MATERIA - NOMBRE DE PERSONA |
| Nombre de persona |
Pedrolo, Manuel de |
| Fechas asociadas al nombre |
1918-1990 |
| Subdivisión de materia general (R ) |
Bibliografia |
| Fuente de encabezamiento o te&ecute,rmino |
lemac |
| 9 (RLIN) |
2063 |
| 655 #7 - TÉRMINO DE INDIZACIÓN - GÉNERO/FORMA |
| Datos o término principal de género/forma |
Homenatges |
| Fuente del término |
thub |
| 942 ## - ENTRADA DE ELEMENTOS AGREGADOS (KOHA) |
| Koha [por defecto] tipo de item |
Monografies |